Paroles Tournent les violons-Jean Jacques Goldman - Statistiques

Statistiques générales
  • Ce quiz a été pris 593 fois
  • Le résultat moyen est 333 sur 406
Statistiques - réponses
Paroles % Correct
le
99%
Le
99%
Les
98%
les
98%
a
97%
à
97%
Tournent
97%
tournent
97%
violons
97%
et
96%
se
95%
De
92%
de
92%
il
92%
s'en
92%
au
91%
vont
91%
dans
89%
y
89%
château
88%
sa
88%
en
87%
En
87%
un
87%
bien
86%
vie
85%
ce
84%
es
84%
fête
84%
ses
84%
beau
83%
grand
83%
la
83%
longtemps
83%
oh
82%
Elle
80%
ans
79%
comme
79%
des
79%
noble
79%
bel
78%
mère
78%
seize
78%
Tu
78%
avant
77%
jolie
76%
lui
76%
Lui
76%
Manon
75%
tout
75%
vies
75%
est
74%
Grande
74%
hanche
74%
sourire
74%
beaux
73%
mains
73%
prince
73%
charmant
72%
d'enfant
72%
d'un
72%
lieutenant
72%
royaume
71%
l'oreille
70%
son
70%
Son
70%
Une
70%
venu
70%
dansant
69%
on
69%
qui
69%
Servante
69%
frôlant
68%
lourds
68%
plateaux
68%
belles
67%
sang
67%
encore
66%
mots
66%
penche
66%
porte
66%
glisse
65%
nobliaux
65%
si
65%
divin
64%
pense
64%
aux
63%
blond
63%
toujours
63%
uniforme
63%
hommes
62%
c'est
61%
d'ici
61%
d'une
61%
éclatant
61%
d'elle
60%
Différent
59%
oublie
59%
rires
59%
auprès
58%
Juste
58%
quatre
58%
remplissant
58%
panses
57%
velours
57%
verre
57%
danses
56%
s'émerveille
56%
s'avance
55%
peu
54%
prenant
54%
trouble
54%
Mais
51%
plaisir
51%
lumières
50%
qu'aussitôt
50%
détails
49%
moindres
49%
rameaux
49%
bruit
48%
souvenirs
46%
servir
45%
années
44%
décor
42%
Passent
42%
dents
39%
dures
39%
peine
39%
blanches
38%
parfum
38%
grises
34%
Redoublent
31%
brûle
30%
trouble-là
20%
Aucun quiz correspondant
Distribution des résultats
% des personnes avec chaque résultat
Percentile par nombre de réponses
Votre historique - résultats
Vous n’avez pas pris ce quiz